000 01171nam a2200289Ia 4500
008 130821s2011 sp gr spa
020 _a9788430608126
020 _a9789587580754
040 _aCO-BoUCM
_bspa
_cAngélica Rojas (modificó)
_dAldemar Mondragón (modificó)
041 0 0 _aspa
100 1 _aCarr, Nicholas
_935303
245 1 0 _aSuperficiales ¿Qué está haciendo internet con nuestras mentes?
_cNicholas Carr ; traducción de Pedro Cifuentes
246 1 4 _a¿Qué está haciendo internet con nuestras mentes? superficiales
260 _aMadrid (España)
_bTaurus
_c2011
300 _a340 páginas
490 0 _aPensamiento
500 _aIncluye índice analítico
650 7 _aInternet (Red de computadores)
_xAspectos psicológicos
_935471
650 7 _aInternet (Red de computadores)
_xEfectos fisiológicos
_935472
650 7 _aMente y cuerpo
_919302
650 7 _aNeuropsicología
_9308
650 7 _aPercepción
_9327
690 _942902
_aPsicología
700 1 _aCifuentes, Pedro
_etraductor
_935473
765 0 _tThe shallows. What the internet is doing to our brains
942 _cLIBRO
_a1
_e1
_mC311s
_2DEWEY
_h153.7
_n0
999 _c75882
_d75882